| 000 | 00604nam a22002177a 4500 | ||
|---|---|---|---|
| 003 | OSt | ||
| 005 | 20160427183657.0 | ||
| 008 | 160426b xxu||||| |||| 00| 0 eng d | ||
| 020 | _a9780702042942 | ||
| 040 | _cDNLM | ||
| 082 | _aQV748 W141c 2012 | ||
| 100 |
_aedited by Roger, Walker; Cate, Whittlesea _98299 |
||
| 245 | _aClinical Pharmacy and Therapeutics | ||
| 250 | _a5th ed. | ||
| 260 | _aEdinburgh; Churchill, 2012 | ||
| 300 | _axiii,981p; col.ill: 28cm | ||
| 504 | _aAppenices, glossary, & index included | ||
| 650 |
_aPharmacy _98300 |
||
| 650 |
_aTherapeutics _91626 |
||
| 942 |
_2z _cB_BANK |
||
| 999 |
_c3768 _d3768 |
||